Sports Quiz

Random Sports Quiz
Score 0/298 Timer 20:00
0 Plays Today
Year Team % Correct
1977Manchester United
99%
1979Manchester United
99%
1983Manchester United
99%
1985Manchester United
99%
1985Manchester United
99%
1990Manchester United
99%
1996Manchester United
99%
1999Manchester United
99%
2003Manchester United
99%
2006Manchester United
99%
2011Manchester United
99%
2012Manchester United
99%
2013Manchester United
99%
1981Manchester City
97.6%
1988Manchester City
97.6%
1995Manchester City
97.6%
2001Manchester City
97.6%
2003Manchester City
97.6%
2012Manchester City
97.6%
1971Arsenal
97.1%
1978Arsenal
97.1%
1980Arsenal
97.1%
1981Arsenal
97.1%
1987Arsenal
97.1%
1988Arsenal
97.1%
1989Arsenal
97.1%
1995Arsenal
97.1%
1996Arsenal
97.1%
2001Arsenal
97.1%
2002Arsenal
97.1%
2007Arsenal
97.1%
2007Arsenal
97.1%
2009Arsenal
97.1%
2014Arsenal
97.1%
1971Everton
96.6%
1977Everton
96.6%
1981Everton
96.6%
1984Everton
96.6%
1986Everton
96.6%
1987Everton
96.6%
1987Everton
96.6%
1988Everton
96.6%
1989Everton
96.6%
1991Everton
96.6%
2009Everton
96.6%
2012Everton
96.6%
1971Tottenham Hotspur
96.1%
1972Tottenham Hotspur
96.1%
1977Chelsea
96.1%
1978Chelsea
96.1%
1980Tottenham Hotspur
96.1%
1982Chelsea
96.1%
1982Tottenham Hotspur
96.1%
1984Tottenham Hotspur
96.1%
1985Tottenham Hotspur
96.1%
1986Chelsea
96.1%
1995Tottenham Hotspur
96.1%
1997Chelsea
96.1%
1998Tottenham Hotspur
96.1%
2000Chelsea
96.1%
2004Tottenham Hotspur
96.1%
2005Chelsea
96.1%
2006Chelsea
96.1%
2007Chelsea
96.1%
2008Tottenham Hotspur
96.1%
2011Chelsea
96.1%
2012Chelsea
96.1%
2015Chelsea
96.1%
1971West Ham United
94.6%
1973West Ham United
94.6%
1973Sunderland
94.6%
1976West Ham United
94.6%
1981West Ham United
94.6%
1982Sunderland
94.6%
1982Sunderland
94.6%
1983West Ham United
94.6%
1985Aston Villa
94.6%
1988Aston Villa
94.6%
1988West Ham United
94.6%
1992Aston Villa
94.6%
1992Sunderland
94.6%
1995Sunderland
94.6%
1996Aston Villa
94.6%
2002Aston Villa
94.6%
2006West Ham United
94.6%
1974Newcastle United
94.1%
1984Newcastle United
94.1%
1995Newcastle United
94.1%
2004Newcastle United
94.1%
1971Southampton
93.2%
1971Southampton
93.2%
1980Birmingham City
93.2%
1983Birmingham City
93.2%
1986Southampton
93.2%
1987Southampton
93.2%
1990Southampton
93.2%
1995Birmingham City
93.2%
1999Southampton
93.2%
2001Birmingham City
93.2%
2002Birmingham City
93.2%
Year Team % Correct
2002Southampton
93.2%
2006Birmingham City
93.2%
2006Birmingham City
93.2%
2007Cardiff City
92.7%
2012Cardiff City
92.7%
1972West Bromwich Albion
92.2%
1974Ipswich Town
92.2%
1975Ipswich Town
92.2%
1976West Bromwich Albion
92.2%
1979Ipswich Town
92.2%
1982Ipswich Town
92.2%
1982Ipswich Town
92.2%
1986Ipswich Town
92.2%
1992Ipswich Town
92.2%
1993Ipswich Town
92.2%
1997West Bromwich Albion
92.2%
2002Ipswich Town
92.2%
2012West Bromwich Albion
92.2%
1970Leicester City
91.7%
1972Leeds United
91.7%
1972Leeds United
91.7%
1974Leicester City
91.7%
1974Middlesbrough
91.7%
1975Stoke City
91.7%
1977Middlesbrough
91.7%
1979Blackburn Rovers
91.7%
1981Middlesbrough
91.7%
1983Blackburn Rovers
91.7%
1983Stoke City
91.7%
1983Fulham
91.7%
1986Fulham
91.7%
1986Leicester City
91.7%
1987Blackburn Rovers
91.7%
1988Stoke City
91.7%
1991Blackburn Rovers
91.7%
1991Stoke City
91.7%
1993Fulham
91.7%
1994Stoke City
91.7%
1994Blackburn Rovers
91.7%
1997Middlesbrough
91.7%
1998Middlesbrough
91.7%
1998Fulham
91.7%
2000Blackburn Rovers
91.7%
2000Stoke City
91.7%
2000Fulham
91.7%
2001Leeds United
91.7%
2003Blackburn Rovers
91.7%
2004Middlesbrough
91.7%
2009Leeds United
91.7%
2011Stoke City
91.7%
2012Stoke City
91.7%
2014Middlesbrough
91.7%
1978Nottingham Forest
91.2%
1980Nottingham Forest
91.2%
1980Nottingham Forest
91.2%
1986Queens Park Rangers
91.2%
1988Nottingham Forest
91.2%
1988Wimbledon
91.2%
1989Nottingham Forest
91.2%
1990Queens Park Rangers
91.2%
1993Wimbledon
91.2%
1995Wimbledon
91.2%
2015AFC Wimbledon
91.2%
1971Swansea City
90.7%
1979Norwich City
90.7%
1980Portsmouth
90.7%
1982Swansea City
90.7%
1982Norwich City
90.7%
1990Swansea City
90.7%
1990Norwich City
90.7%
1992Portsmouth
90.7%
2004Portsmouth
90.7%
2006Portsmouth
90.7%
2012Swansea City
90.7%
2014Swansea City
90.7%
1978Sheffield United
90.2%
1992Sheffield United
90.2%
2003Sheffield United
90.2%
1984Sheffield Wednesday
89.8%
1973Burnley
88.8%
1975Burnley
88.8%
1979Burnley
88.8%
1983Burnley
88.8%
1994Burnley
88.8%
1995Burnley
88.8%
1997Burnley
88.8%
2005Burnley
88.8%
1971Hull City
88.3%
1973Hull City
88.3%
1973Wolverhampton Wanderers
88.3%
1989Hull City
88.3%
1999Hull City
88.3%
1993Bolton Wanderers
87.8%
1995Bolton Wanderers
87.8%
2003Bolton Wanderers
87.8%
1976Derby County
86.3%
1977Crystal Palace
86.3%
1977Derby County
86.3%
1990Crystal Palace
86.3%
1992Crystal Palace
86.3%
Year Team % Correct
1995Crystal Palace
86.3%
2001Crystal Palace
86.3%
2003Crystal Palace
86.3%
2005Crystal Palace
86.3%
1970Watford
85.9%
1986Watford
85.9%
2005Watford
85.9%
1970Coventry
85.4%
1977Oldham Athletic
85.4%
1977Coventry City
85.4%
1985Oldham Athletic
85.4%
1986Coventry City
85.4%
1998Coventry City
85.4%
2012Oldham Athletic
85.4%
2013Oldham Athletic
85.4%
2014Oldham Athletic
85.4%
1974Bristol City
84.9%
1974Bristol City
84.9%
1994Bristol City
84.9%
1992Bristol Rovers
84.4%
2014Bournemouth
84.4%
2014Bournemouth
84.4%
1987Luton Town
83.9%
2006Luton Town
83.9%
2008Luton Town
83.9%
1979Tranmere Rovers
82.9%
2001Tranmere Rovers
82.9%
1983Brighton & Hove Albion
82.4%
1984Brighton & Hove Albion
82.4%
1985Brighton & Hove Albion
82.4%
1991Brighton & Hove Albion
82.4%
2011Brighton & Hove Albion
82.4%
2012Brighton & Hove Albion
82.4%
1982Barnsley
82%
1985Barnsley
82%
2008Barnsley
82%
1989Wigan Athletic
80.5%
2006Reading
80.5%
2007Reading
80.5%
2010Reading
80.5%
1999Huddersfield Town
80%
1989Millwall
79%
2004Millwall
79%
2013Notts County
77.6%
1979Exeter City
76.6%
1980Bradford City
76.6%
1981Exeter City
76.6%
2011Exeter City
76.6%
1970Wrexham
76.1%
1978Wrexham
76.1%
1996Charlton Athletic
76.1%
1996Charlton Athletic
76.1%
1972Carlisle United
74.6%
1974Carlisle United
74.6%
1977Carlisle United
74.6%
1989Carlisle United
74.6%
2010Northampton Town
73.7%
2001Wycombe Wanderers
73.2%
1970Swindon Town
72.7%
1974Brentford
72.7%
1980Grimsby Town
72.7%
1980Swindon Town
72.7%
1983Brentford
72.7%
1989Brentford
72.7%
1997Grimsby Town
72.7%
2001Grimsby Town
72.7%
1980Bury
71.7%
1991Port Vale
71.7%
1999Port Vale
71.7%
2009Preston North End
71.2%
1972Oxford United
70.7%
1975York City
70.7%
1985York City
70.7%
1986York City
70.7%
2004Yeovil Town
70.7%
1984Walsall
70.2%
1988Walsall
70.2%
1982Rotherham United
69.3%
2001Rotherham United
69.3%
1970Mansfield Town
68.8%
2013Mansfield Town
68.8%
1974Doncaster Rovers
67.3%
1979Chesterfield
66.8%
1992Chesterfield
66.8%
1990Crewe Alexandra
64.4%
1992Crewe Alexandra
64.4%
2008Crewe Alexandra
64.4%
1996Rochdale
63.9%
1979Southend United
59%
1984Stockport County
59%
1996Shrewsbury Town
59%
2008Havant & Waterloovile
58.5%
1991Peterborough
55.6%
1973Manchester City
53.7%
1971Aldershot
52.7%
1981Altrincham
40%
1986Norwich City
19.5%
1996Leeds United
19%
Remove Ads.
Support Sporcle.
Get the best of Sporcle when you Go Orange. This ad-free experience offers more features, more stats, and more fun while also helping to support Sporcle. Thank you for becoming a member.

You're not logged in!

Compare scores with friends on all Sporcle quizzes.
OR
Log In

Show Comments

Extras

Created Jan 4, 2015ReportNominate
Tags:cup, FA Cup, Liverpool

Top Quizzes Today


Score Distribution

Your Account Isn't Verified!

In order to create a playlist on Sporcle, you need to verify the email address you used during registration. Go to your Sporcle Settings to finish the process.

Report this User

Report this user for behavior that violates our Community Guidelines.

Details: